000 01168nam a22003257a 4500
003 CHAP
005 20220329143221.0
008 070328d2006 ag r 00110 spa d
010 _a93443
011 _a94415
020 _a987 22893 0 1
035 _a105005
040 _cCHAP
082 0 4 _a630.717
_bT5
100 1 _aThornton, Ricardo Dominic
_9112983
245 1 0 _aLos<U+00B4> 90 y el nuevo siglo en los sistemas de extensión rural y transferencia de tecnología públicos en el mercosur
_c/por Ricardo Dominic Thornton
260 _a[Buenos Aires] :
_bInstituto Nacional de Tecnología Agropecuaria
_c2006
300 _a406 p. :
_bilus.; cuadros.
590 _aBATCH-UPD
_b10
_c20130110
_lUCH01
_h0642
590 _aBATCH-UPD
_b10
_c20130410
_lUCH01
_h0326
590 _aBATCH-UPD
_b10
_c20130914
_lUCH01
_h1249
590 _aCONVERSION
_b10
_c20130109
_lUCH01
_h1352
650 1 4 _aEcología agrícola.
_935165
650 1 4 _aExtensión agrícola.
_939144
650 1 4 _aTransferencia de tecnología.
_9114619
901 _aBK
905 _aElisama A. H.
942 _cLIBRO
949 _a630.717 T5
_bBC
_cLIBRO
_d33724002025082
_eLIBRO
_h104487
_i105005
_kDonaciØn
_sb
999 _c93443
_d93443